| 000 | 01142cam a2200313 a 4500 | ||
|---|---|---|---|
| 001 | 14580981 | ||
| 003 | ARRUPE | ||
| 005 | 20131010142833.0 | ||
| 008 | 061003s2006 enkab b 001 0 eng d | ||
| 010 | _a 2006283647 | ||
| 015 |
_aGBA621126 _2bnb |
||
| 016 | 7 |
_a013397370 _2Uk |
|
| 020 | _a0567030717 (hbk : alk. paper) | ||
| 035 | _a(OCoLC)ocm63702780 | ||
| 040 |
_aUKM _cUKM _dBAKER _dBWKUK _dDLC |
||
| 042 | _alccopycat | ||
| 043 | _ae-ie--- | ||
| 050 | 0 | 0 |
_aBX2600 _b.T56 2006 |
| 100 | 1 |
_aThom, Catherine. _92406 |
|
| 245 | 1 | 0 |
_aEarly Irish monasticism : _ban understanding of its cultural roots / _cCatherine Thom. |
| 260 |
_aLondon ; _aNew York : _bT & T Clark, _cc2006. |
||
| 300 |
_axxix, 226 p. : _bill., maps ; _c24 cm. |
||
| 504 | _aIncludes bibliographical references (p. [195]-217) and index. | ||
| 650 | 0 |
_aMonasticism and religious orders _zIreland _xHistory. _92407 |
|
| 856 | 4 | 1 |
_3Table of contents only _uhttp://www.loc.gov/catdir/toc/fy0702/2006283647.html |
| 906 |
_a7 _bcbc _ccopycat _d2 _encip _f20 _gy-gencatlg |
||
| 942 |
_2lcc _cMONOGRAPH |
||
| 999 |
_c118316 _d118316 |
||